000 01137aam a2200313 i 4500
001 18461
003 CO-MdFUSB
005 20250520093451.0
007 ta
008 190517t2005 -us |||| |||| 00| 0 spa d
020 _a8486589288
040 _aCO-MdFUSB
_bspa
_cCO-MdFUSB
_dCO-MdFUSBC
_erda
041 _aspa
082 _224
_a248.4
_bAD211
100 _aAdams, Jaime,
_eautor
245 1 3 _aLa regeneración decisoria
_c/ Jaime Adams ; traducido por Samuel Cabrera
264 1 _aEspaña :
_bPeregrino,
_c[2005]
264 5 _c©2005
300 _a61 páginas
_c; 22 cm
336 _atexto
_btxt
_2rdacontent
337 _2rdamedia
_asin mediación
_bn
338 _2rdacarrier
_avolumen
_bnc
505 _aPrefacio -- Introducción -- La regeneración decisoria y la evangelización -- La regeneración decisoria y el sistema de invitaciones -- La regeneración decisoria y la teología -- ¿Qué debemos hacer? -- ¿Cómo puedes reconocer a Cristo? -- Notas -- Recomendaciones
563 _aRústico
650 0 _919
_aVida cristiana
700 _aCánovas Williams, David,
_etraductor
_91675
942 _cBK
945 _aJTF-925
999 _c44894
_d44894